[Event "Milan Palladino Memorial"]
[Site "Milan"]
[Date "2013.04.01"]
[Round "7"]
[White "Bozzali, Ermanno"]
[Black "Bonazzi, Edoardo"]
[Result "1-0"]
[WhiteElo "2041"]
[BlackElo "2061"]
[PlyCount "105"]
[EventDate "2013.03.28"]
[EventType "swiss"]
[EventRounds "7"]
[EventCountry "ITA"]
[SourceTitle "EXT 2014"]
[Source "ChessBase"]
[SourceDate "2013.11.20"]
[SourceVersion "1"]
[SourceVersionDate "2013.11.20"]
[SourceQuality "1"]

1. d4 Nf6 2. c4 c5 3. d5 b5 4. cxb5 a6 5. bxa6 Bxa6 6. Nc3 d6 7. Nf3 g6 8. e4 Bxf1 9. Kxf1 Bg7 10. g3 0-0 11. Kg2 Nbd7 12. a4 Qa5 13. Bd2 Rfb8 14. Nb5 Qb6 15. Qe2 Ne8 16. Bc3 Nc7 17. Nxc7 Qxc7 18. Ra2 Qb7 19. Nd2 Nb6 20. Rha1 Ra7 21. a5 Rba8 22. Qb5 Nd7 23. Qxb7 Rxb7 24. Nc4 Ra6 25. Kf1 Bxc3 26. bxc3 Nf6 27. f3 e6 28. Ne3 exd5 29. exd5 Kf8 30. Ke2 Ke8 31. Kd3 Kd7 32. g4 Ne8 33. h4 Nc7 34. Kc2 Ra8 35. Ra4 Re8 36. Re4 Reb8 37. Ra2 Rb1 38. a6 Rh1 39. Kd3 Rxh4 40. a7 Ra8 41. Rea4 h5 42. Rb2 hxg4 43. Nxg4 Kc8 44. c4 Nxd5 45. cxd5 f5 46. Rb6 fxg4 47. Rxd6 g5 48. fxg4 Rh7 49. Rc6+ Kb7 50. Rxc5 Rxa7 51. Rxa7+ Kxa7 52. d6 Rd7 53. Rc7+ 1-0

[Event "Milan Palladino Memorial"]
[Site "Milan"]
[Date "2013.04.01"]
[Round "6"]
[White "Virzi, Ettore"]
[Black "Bozzali, Ermanno"]
[Result "0-1"]
[WhiteElo "1972"]
[BlackElo "2041"]
[PlyCount "90"]
[EventDate "2013.03.28"]
[EventType "swiss"]
[EventRounds "7"]
[EventCountry "ITA"]
[SourceTitle "EXT 2014"]
[Source "ChessBase"]
[SourceDate "2013.11.20"]
[SourceVersion "1"]
[SourceVersionDate "2013.11.20"]
[SourceQuality "1"]

1. e4 c5 2. Nf3 d6 3. d4 cxd4 4. Nxd4 Nf6 5. Nc3 a6 6. Bg5 e6 7. f4 h6 8. Bh4 Qc7 9. Bxf6 gxf6 10. f5 Nc6 11. Be2 Qb6 12. Nb3 Rg8 13. fxe6 fxe6 14. Bh5+ Kd8 15. Qd2 Rg5 16. Bf3 Bd7 17. 0-0-0 Rc8 18. Qf4 Kc7 19. h4 Rg6 20. Rd2 Ne5 21. Bh5 Rg8 22. Rhd1 Kb8 23. Qxf6 Nc4 24. Qf2 Qc7 25. Rd3 Bg7 26. Qe1 b5 27. Nd4 Bxd4 28. Rxd4 Rxg2 29. Be2 Ne3 30. Rxd6 Nxd1 31. Qxd1 Bc6 32. Rxe6 Rcg8 33. Qd6 Qxd6 34. Rxd6 Bxe4 35. Nxe4 Rxe2 36. Nc3 Rg1+ 37. Nd1 Rgg2 38. c3 Rc2+ 39. Kb1 Rcd2 40. Rxd2 Rxd2 41. Ne3 h5 42. Nf5 Rh2 43. b3 Kc7 44. a4 bxa4 45. bxa4 Kc6 0-1

[Event "ITA-chT A1.1"]
[Site "Arvier"]
[Date "2013.03.16"]
[Round "2"]
[White "Bozzali, Ermanno"]
[Black "Caloni, Ugo"]
[Result "0-1"]
[WhiteElo "2041"]
[BlackElo "2155"]
[PlyCount "80"]
[EventDate "2013.03.15"]
[EventType "team"]
[EventRounds "5"]
[EventCountry "ITA"]
[SourceTitle "EXT 2014"]
[Source "ChessBase"]
[SourceDate "2013.11.20"]
[SourceVersion "1"]
[SourceVersionDate "2013.11.20"]
[SourceQuality "1"]

1. d4 d5 2. c4 e6 3. Nf3 Nf6 4. g3 Be7 5. Bg2 0-0 6. 0-0 b6 7. Nc3 c6 8. Ne5 Bb7 9. e4 dxc4 10. Nxc4 Ba6 11. b3 b5 12. Ne5 b4 13. Ne2 Bxe2 14. Qxe2 Qxd4 15. Bb2 Qb6 16. Rfc1 Rc8 17. Rc2 a5 18. Rac1 Ra7 19. Rc4 Nfd7 20. Qg4 Bf8 21. Nd3 c5 22. Nf4 Nc6 23. Bxg7 Bxg7 24. Nh5 Kf8 25. Qxg7+ Ke7 26. f4 Rac7 27. Qg5+ Ke8 28. Kh1 Nd4 29. Rf1 Qd6 30. e5 Qe7 31. Qg7 Nf5 32. Qxh7 Qf8 33. Re4 Ke7 34. g4 Qh8 35. Qxh8 Rxh8 36. Nf6 Ng3+ 37. Kg1 Nxf1 38. Nxd7 Nd2 39. Re2 Rxd7 40. Bc6 Rd4 0-1

[Event "Golden Sands Europe op 1st"]
[Site "Golden Sands"]
[Date "2012.06.06"]
[Round "3"]
[White "Bozzali, Ermanno"]
[Black "Skomorokhin, Roman"]
[Result "0-1"]
[WhiteElo "2068"]
[BlackElo "2356"]
[PlyCount "98"]
[EventDate "2012.06.04"]
[EventType "swiss"]
[EventRounds "9"]
[EventCountry "BUL"]
[SourceTitle "CBM 148 Extra"]
[Source "ChessBase"]
[SourceDate "2012.06.22"]
[SourceVersion "1"]
[SourceVersionDate "2012.06.22"]
[SourceQuality "1"]

1. d4 d5 2. c4 dxc4 3. e4 Nc6 4. Nf3 Bg4 5. d5 Ne5 6. Bf4 Ng6 7. Be3 e5 8. Bxc4 Nf6 9. Nbd2 a6 10. h3 Bd7 11. 0-0 Bd6 12. Re1 0-0 13. Bf1 Qe7 14. Qc2 c6 15. Nc4 cxd5 16. exd5 Nxd5 17. Bg5 f6 18. Rad1 Bc6 19. Nxd6 Qxd6 20. Bc1 Kh8 21. Qf5 Rad8 22. Qh5 Ndf4 23. Rxd6 Nxh5 24. Red1 Rxd6 25. Rxd6 Nhf4 26. Nd2 Ne7 27. Nc4 Nfd5 28. Ne3 Rc8 29. Bc4 Nxe3 30. Bxe3 Nf5 31. Rd2 Nxe3 32. fxe3 g6 33. Rd6 Kg7 34. Re6 Rc7 35. h4 Rd7 36. Bxa6 Bd5 37. Rb6 bxa6 38. Rxa6 Be4 39. b4 Rd2 40. b5 Rxg2+ 41. Kf1 Rd2 42. a4 f5 43. Re6 Ra2 44. Rxe5 Rxa4 45. Re7+ Kh6 46. b6 Rb4 47. Re6 Rb2 48. Ke1 Kh5 49. Re7 h6 0-1

[Event "Golden Sands Europe op 1st"]
[Site "Golden Sands"]
[Date "2012.06.04"]
[Round "1"]
[White "Bozzali, Ermanno"]
[Black "Wan, Yunguo"]
[Result "0-1"]
[WhiteElo "2068"]
[BlackElo "2456"]
[PlyCount "82"]
[EventDate "2012.06.04"]
[EventType "swiss"]
[EventRounds "9"]
[EventCountry "BUL"]
[SourceTitle "CBM 148 Extra"]
[Source "ChessBase"]
[SourceDate "2012.06.22"]
[SourceVersion "1"]
[SourceVersionDate "2012.06.22"]
[SourceQuality "1"]

1. d4 Nf6 2. Nf3 g6 3. c4 Bg7 4. Nc3 0-0 5. e4 d6 6. Be2 e5 7. 0-0 Nc6 8. d5 Ne7 9. b4 a5 10. Ba3 Nd7 11. Nd2 f5 12. f3 Bh6 13. Nb3 axb4 14. Bxb4 b6 15. a4 Nf6 16. Qd3 fxe4 17. fxe4 Ng4 18. Rxf8+ Qxf8 19. Bxg4 Bxg4 20. Nb5 Qf6 21. Rf1 Qg5 22. Bd2 Qh5 23. h3 Be2 24. g4 Bxd3 25. gxh5 Bxf1 26. Bxh6 Bxc4 27. Nd2 Bxb5 28. axb5 Ra5 29. Bg5 Kf7 30. hxg6+ hxg6 31. Kf2 Rxb5 32. Ke2 Ra5 33. h4 b5 34. Kd3 Ra3+ 35. Kc2 Ra4 36. Kb3 c6 37. Bxe7 Kxe7 38. dxc6 Kd8 39. Nb1 Rxe4 40. Nc3 Re3 41. Kb4 Rxc3 0-1

[Event "Milan op 01"]
[Site "Milan"]
[Date "2012.01.05"]
[Round "4"]
[White "Montani, Francesco"]
[Black "Bozzali, Ermanno"]
[Result "1-0"]
[WhiteElo "2209"]
[BlackElo "2110"]
[PlyCount "97"]
[EventDate "2012.01.02"]
[EventType "swiss"]
[EventRounds "9"]
[EventCountry "ITA"]
[SourceTitle "EXT 2014"]
[Source "ChessBase"]
[SourceDate "2013.11.20"]
[SourceVersion "1"]
[SourceVersionDate "2013.11.20"]
[SourceQuality "1"]

1. d4 d5 2. Nf3 Nf6 3. Bg5 c6 4. Bxf6 exf6 5. e3 Qb6 6. Qc1 Bf5 7. Be2 Nd7 8. 0-0 Bd6 9. c4 dxc4 10. Nbd2 Qc7 11. Nxc4 0-0 12. Qd2 Nb6 13. Nxd6 Qxd6 14. Rfc1 Be4 15. Ne1 Rfd8 16. Nd3 Nd7 17. b4 b6 18. Qb2 Rdc8 19. Rc3 a5 20. bxa5 Rxa5 21. f3 Bxd3 22. Bxd3 c5 23. Bf5 Rb8 24. Bxd7 cxd4 25. Rc8+ Rxc8 26. Bxc8 dxe3 27. Qe2 Qc5 28. Bb7 Ra3 29. Rd1 g6 30. Bd5 Rc3 31. Bb3 b5 32. g3 h5 33. Kg2 Rc1 34. Rd3 Rc3 35. Rd8+ Kg7 36. Rd7 g5 37. Rxf7+ Kg6 38. Rd7 g4 39. Rd5 Qc6 40. Rd4 f5 41. Bd1 h4 42. gxh4 Qc5 43. Rd8 Qc6 44. Bb3 f4 45. Rg8+ Kf6 46. Rxg4 Qd6 47. Qxb5 Rc5 48. Qe8 Rc2+ 49. Bxc2 1-0

[Event "Milan op 01"]
[Site "Milan"]
[Date "2012.01.02"]
[Round "1"]
[White "Swannie, Douglas"]
[Black "Bozzali, Ermanno"]
[Result "0-1"]
[WhiteElo "1932"]
[BlackElo "2110"]
[PlyCount "102"]
[EventDate "2012.01.02"]
[EventType "swiss"]
[EventRounds "9"]
[EventCountry "ITA"]
[SourceTitle "EXT 2014"]
[Source "ChessBase"]
[SourceDate "2013.11.20"]
[SourceVersion "1"]
[SourceVersionDate "2013.11.20"]
[SourceQuality "1"]

1. d4 f5 2. g3 Nf6 3. Bg2 e6 4. Nf3 c6 5. 0-0 d5 6. b3 Bd6 7. c4 Qe7 8. Ne5 0-0 9. Bb2 Nfd7 10. e3 Na6 11. f4 Nf6 12. Qc1 Bd7 13. Ba3 Rfc8 14. Bxd6 Qxd6 15. c5 Qe7 16. Re1 Be8 17. Nc3 Bh5 18. h3 Nb8 19. b4 Nbd7 20. a4 Nxe5 21. dxe5 Nd7 22. a5 b6 23. axb6 axb6 24. Na4 bxc5 25. bxc5 Rcb8 26. Qc3 Rb5 27. Bf1 Rba5 28. Nb6 Rxa1 29. Rxa1 Rxa1 30. Qxa1 Nxc5 31. Qa3 Qf8 32. Nc8 Ne4 33. Nd6 h6 34. Kh2 Bf3 35. Bd3 Qb8 36. Nxe4 fxe4 37. Bc2 Qb6 38. Qe7 c5 39. Qd6 Qxd6 40. exd6 Kf7 41. Kg1 Ke8 42. Ba4+ Kd8 43. Kf2 c4 44. Ke1 c3 45. h4 Bh5 46. d7 Bg4 47. Bc6 Kc7 48. Ba4 e5 49. d8Q+ Kxd8 50. Bb3 d4 51. Bd5 d3 0-1

[Event "Milan Crespi op-A 32nd"]
[Site "Milan"]
[Date "2011.12.10"]
[Round "9"]
[White "Massironi, Marco"]
[Black "Bozzali, Ermanno"]
[Result "1-0"]
[WhiteElo "2171"]
[BlackElo "2133"]
[PlyCount "109"]
[EventDate "2011.12.03"]
[EventType "swiss"]
[EventRounds "9"]
[EventCountry "ITA"]
[SourceTitle "CBM 145 Extra"]
[Source "ChessBase"]
[SourceDate "2012.01.03"]
[SourceVersion "1"]
[SourceVersionDate "2012.01.03"]
[SourceQuality "1"]

1. e4 c5 2. Nf3 d6 3. d4 cxd4 4. Nxd4 Nf6 5. Nc3 a6 6. Bg5 e6 7. Qe2 Qc7 8. 0-0-0 Nbd7 9. Nf5 exf5 10. Nd5 Nxd5 11. exd5+ Ne5 12. f4 Be7 13. Bxe7 Qxe7 14. fxe5 Qxe5 15. Qf3 0-0 16. Bd3 Re8 17. Rdf1 Bd7 18. g4 f4 19. Qxf4 Qxf4+ 20. Rxf4 Re5 21. Rhf1 f6 22. c4 b5 23. b3 bxc4 24. bxc4 Rae8 25. Kd2 Rb8 26. Kc3 a5 27. R1f2 Rc8 28. Kd4 Rb8 29. Kc3 a4 30. h3 a3 31. R4f3 h5 32. gxh5 Rxh5 33. Bg6 Rxh3 34. Rxh3 Bxh3 35. Rf3 Bd7 36. Kd4 Kf8 37. Rxa3 Ke7 38. Ra7 Kd8 39. Bf7 g5 40. Be6 Be8 41. a4 Rb1 42. a5 Rd1+ 43. Ke4 Re1+ 44. Kd3 Ra1 45. Kc2 Ra4 46. Kb3 Ra1 47. c5 dxc5 48. d6 Rb1+ 49. Kc4 Rc1+ 50. Kd5 Rd1+ 51. Kxc5 Rc1+ 52. Kb4 Rb1+ 53. Kc3 Rb8 54. a6 Ba4 55. Rb7 1-0

[Event "Milan Crespi op-A 32nd"]
[Site "Milan"]
[Date "2011.12.09"]
[Round "8"]
[White "Bozzali, Ermanno"]
[Black "Battistella, Stefano"]
[Result "1/2-1/2"]
[WhiteElo "2133"]
[BlackElo "2081"]
[PlyCount "23"]
[EventDate "2011.12.03"]
[EventType "swiss"]
[EventRounds "9"]
[EventCountry "ITA"]
[SourceTitle "EXT 2022"]
[Source "ChessBase"]
[SourceDate "2021.10.06"]
[SourceVersion "1"]
[SourceVersionDate "2021.10.06"]
[SourceQuality "1"]

1. e4 e5 2. Nf3 Nc6 3. Bb5 a6 4. Ba4 Nf6 5. 0-0 Be7 6. Re1 b5 7. Bb3 0-0 8. c3 d6 9. h3 Re8 10. Ng5 Rf8 11. Nf3 Re8 12. Ng5 1/2-1/2

[Event "Milan Crespi op-A 32nd"]
[Site "Milan"]
[Date "2011.12.08"]
[Round "6"]
[White "Bozzali, Ermanno"]
[Black "Cani, Gazmir"]
[Result "1/2-1/2"]
[WhiteElo "2133"]
[BlackElo "2174"]
[PlyCount "58"]
[EventDate "2011.12.03"]
[EventType "swiss"]
[EventRounds "9"]
[EventCountry "ITA"]
[SourceTitle "CBM 145 Extra"]
[Source "ChessBase"]
[SourceDate "2012.01.03"]
[SourceVersion "1"]
[SourceVersionDate "2012.01.03"]
[SourceQuality "1"]

1. d4 Nf6 2. c4 c5 3. e3 g6 4. Nf3 Bg7 5. Nc3 0-0 6. g3 d5 7. cxd5 Nxd5 8. Bg2 Nc6 9. 0-0 cxd4 10. Nxd5 Qxd5 11. Nxd4 Qd7 12. Nxc6 bxc6 13. Qa4 Bb7 14. Rd1 Qc8 15. Rb1 Rb8 16. b3 c5 17. Ba3 Bxg2 18. Kxg2 Rb6 19. Qc4 Ra6 20. Bxc5 Rxa2 21. b4 Ra4 22. Qd5 Re8 23. Rbc1 e6 24. Qf3 a6 25. Rd6 Bf8 26. Rc6 Qb7 27. Rd1 a5 28. Bxf8 Rxf8 29. bxa5 Rxa5 1/2-1/2

[Event "Milan Crespi op-A 32nd"]
[Site "Milan"]
[Date "2011.12.04"]
[Round "2"]
[White "Bozzali, Ermanno"]
[Black "Cacciola, Alfredo"]
[Result "1/2-1/2"]
[WhiteElo "2133"]
[BlackElo "2080"]
[PlyCount "92"]
[EventDate "2011.12.03"]
[EventType "swiss"]
[EventRounds "9"]
[EventCountry "ITA"]
[SourceTitle "EXT 2022"]
[Source "ChessBase"]
[SourceDate "2021.10.06"]
[SourceVersion "1"]
[SourceVersionDate "2021.10.06"]
[SourceQuality "1"]

1. d4 d5 2. Nf3 Nf6 3. c4 e6 4. g3 dxc4 5. Bg2 Nc6 6. Qa4 Bb4+ 7. Bd2 Nd5 8. Bxb4 Ndxb4 9. 0-0 Rb8 10. Nc3 a6 11. Ne5 Bd7 12. Nxc6 bxc6 13. a3 c5 14. Qd1 Nc6 15. dxc5 Rxb2 16. Qa4 Ne5 17. Qxa6 0-0 18. Rfd1 Qe7 19. Qa5 Bc6 20. Rab1 Rb3 21. Rxb3 cxb3 22. Qb4 Bxg2 23. Kxg2 Nc6 24. Qb5 Na7 25. Qxb3 Qxc5 26. Qb4 Qc6+ 27. f3 Nc8 28. Ne4 Nb6 29. Rd3 Nd5 30. Qc5 Qb7 31. Nf2 Ra8 32. e4 Qb6 33. Qxb6 Nxb6 34. Rc3 Kf8 35. Nd3 Ke8 36. Rxc7 Rxa3 37. Ne5 f6 38. Rb7 fxe5 39. Rxb6 Kf7 40. Rb5 Kf6 41. Rb8 Ra2+ 42. Kh3 Rf2 43. Rh8 h6 44. Ra8 Kf7 45. Ra7+ Kf6 46. Ra8 Kf7 1/2-1/2

[Event "Anzere op 1st"]
[Site "Anzere"]
[Date "2011.03.20"]
[Round "7"]
[White "Bozzali, Ermanno"]
[Black "Chatalbashev, Boris"]
[Result "0-1"]
[WhiteElo "2133"]
[BlackElo "2602"]
[PlyCount "140"]
[EventDate "2011.03.17"]
[EventType "swiss"]
[EventRounds "7"]
[EventCountry "SUI"]
[SourceTitle "CBM 141 Extra"]
[Source "ChessBase"]
[SourceDate "2011.05.03"]
[SourceVersion "1"]
[SourceVersionDate "2011.05.03"]
[SourceQuality "1"]

1. e4 g6 2. d4 Bg7 3. Nc3 d6 4. Be3 a6 5. Qd2 Nd7 6. Rd1 b5 7. f3 Bb7 8. h4 h5 9. Nh3 e6 10. g3 Ngf6 11. Bg2 0-0 12. 0-0 Qe7 13. Bg5 c5 14. dxc5 dxc5 15. Qd6 Qxd6 16. Rxd6 Ne5 17. b3 Nc6 18. Ne2 Rfd8 19. Rfd1 Rxd6 20. Rxd6 Kf8 21. Be3 Ke8 22. Ng5 Rc8 23. Bh3 Bf8 24. Rd2 c4 25. Kf2 c3 26. Rd3 b4 27. Nf4 Ne5 28. Rd1 Rc6 29. Bf1 Nfd7 30. Be2 Bc5 31. Nd3 Nxd3+ 32. Bxd3 Ke7 33. Be2 Nb6 34. Nh3 a5 35. Nf4 Bxe3+ 36. Kxe3 Rc7 37. Nd3 Ba6 38. Ne5 Bb7 39. f4 Nc8 40. Nc4 a4 41. Ne5 Nd6 42. Rd4 axb3 43. axb3 Bxe4 44. Rxe4 Nxe4 45. Kxe4 Kd6 46. Kd4 f6 47. Nd3 Rb7 48. Bf3 Rb8 49. Be4 Rg8 50. Nxb4 g5 51. fxg5 fxg5 52. Bf3 e5+ 53. Kxc3 gxh4 54. Nd3 hxg3 55. Ne1 h4 56. Bg2 Rf8 57. Kd3 Rf2 58. Ke3 Kc7 59. Bh3 Rh2 60. Bf1 Rh1 61. Ke2 h3 62. Bxh3 Rxh3 63. Kf3 Rh1 64. Ng2 Rc1 65. Kxg3 Rxc2 66. Kf3 Rb2 67. Ne3 Rxb3 68. Ke4 Kd6 69. Nc4+ Ke6 70. Ne3 Rb4+ 0-1

[Event "Milan Crespi op-A 31st"]
[Site "Milan"]
[Date "2010.12.10"]
[Round "8"]
[White "Salmoiraghi, Angelo"]
[Black "Bozzali, Ermanno"]
[Result "1/2-1/2"]
[WhiteElo "2139"]
[BlackElo "2119"]
[PlyCount "28"]
[EventDate "2010.12.04"]
[EventType "swiss"]
[EventRounds "9"]
[EventCountry "ITA"]
[SourceTitle "CBM 139 Extra"]
[Source "ChessBase"]
[SourceDate "2011.01.05"]
[SourceVersion "1"]
[SourceVersionDate "2011.01.05"]
[SourceQuality "1"]

1. d4 d5 2. c4 c6 3. Nf3 Nf6 4. e3 a6 5. Bd3 Bg4 6. Qb3 Ra7 7. Ne5 e6 8. Nxg4 Nxg4 9. f3 Nf6 10. Bd2 Be7 11. Nc3 b5 12. cxd5 cxd5 13. 0-0 0-0 14. Ne2 Nc6 1/2-1/2

[Event "Milan Crespi op-A 31st"]
[Site "Milan"]
[Date "2010.12.04"]
[Round "1"]
[White "Bozzali, Ermanno"]
[Black "Martinez, Rolly"]
[Result "0-1"]
[WhiteElo "2119"]
[BlackElo "2425"]
[PlyCount "72"]
[EventDate "2010.12.04"]
[EventType "swiss"]
[EventRounds "9"]
[EventCountry "ITA"]
[SourceTitle "CBM 139 Extra"]
[Source "ChessBase"]
[SourceDate "2011.01.05"]
[SourceVersion "1"]
[SourceVersionDate "2011.01.05"]
[SourceQuality "1"]

1. d4 Nf6 2. c4 e6 3. g3 Bb4+ 4. Bd2 Be7 5. Bg2 d5 6. Nc3 0-0 7. Nf3 c6 8. 0-0 dxc4 9. Bf4 Nd5 10. Bd2 b5 11. e4 Nxc3 12. bxc3 Bb7 13. Qc2 Nd7 14. Rfe1 a6 15. Rad1 Re8 16. h4 c5 17. d5 exd5 18. exd5 Bd6 19. Rxe8+ Qxe8 20. Ng5 Nf6 21. Re1 Qd7 22. Bh3 Qd8 23. Bg2 Bf8 24. Bf4 h6 25. Ne4 Nxd5 26. Rd1 Qb6 27. Be5 Re8 28. Bf4 Nxf4 29. gxf4 Qg6 30. f3 f5 31. h5 Qxh5 32. Ng3 Qh4 33. Nxf5 Qxf4 34. Rd7 Bc8 35. Rd5 Be6 36. Qe2 Bxd5 0-1

[Event "Milan SSM August"]
[Site "Milan"]
[Date "2010.08.04"]
[Round "7"]
[White "Cazzaniga, Walter"]
[Black "Bozzali, Ermanno"]
[Result "0-1"]
[WhiteElo "2097"]
[BlackElo "2145"]
[PlyCount "76"]
[EventDate "2010.07.30"]
[EventType "swiss"]
[EventRounds "7"]
[EventCountry "ITA"]
[SourceTitle "EXT 2024"]
[Source "ChessBase"]
[SourceDate "2023.10.10"]
[SourceVersion "1"]
[SourceVersionDate "2023.10.10"]
[SourceQuality "1"]

1. d4 f5 2. Bg5 h6 3. Bh4 g5 4. Bg3 Nf6 5. e3 Bg7 6. Nc3 0-0 7. h4 g4 8. Bd3 d6 9. Nge2 Nh5 10. Bc4+ Kh8 11. Nf4 Nxf4 12. Bxf4 Nc6 13. d5 Ne5 14. Bb3 c5 15. dxc6 bxc6 16. Qd2 Rb8 17. 0-0 Ng6 18. Bg3 e5 19. h5 Nh4 20. Bxh4 Qxh4 21. g3 Qh3 22. Qxd6 Ba6 23. Rfd1 f4 24. exf4 exf4 25. gxf4 g3 26. fxg3 Qxg3+ 27. Kh1 Qh3+ 28. Kg1 Qg4+ 29. Kh2 Qh4+ 30. Kg2 Rbd8 31. Qg6 Qxf4 32. Rxd8 Bf1+ 33. Kh1 Qf3+ 34. Kg1 Qf2+ 35. Kh1 Rxd8 36. Ne4 Qf3+ 37. Kh2 Be5+ 38. Kg1 Bd4+ 0-1

[Event "Milan Epiphany op"]
[Site "Milan"]
[Date "2010.01.06"]
[Round "6"]
[White "Bozzali, Ermanno"]
[Black "Astengo, Marcello"]
[Result "0-1"]
[WhiteElo "2120"]
[BlackElo "2104"]
[PlyCount "84"]
[EventDate "2010.01.02"]
[EventType "swiss"]
[EventRounds "7"]
[EventCountry "ITA"]
[SourceTitle "EXT 2024"]
[Source "ChessBase"]
[SourceDate "2023.10.10"]
[SourceVersion "1"]
[SourceVersionDate "2023.10.10"]
[SourceQuality "1"]

1. e4 e6 2. d4 d5 3. Nd2 Nf6 4. e5 Ng8 5. Bd3 c5 6. c3 Bd7 7. Ne2 Qb6 8. a4 Nc6 9. Nf3 cxd4 10. 0-0 dxc3 11. bxc3 Nge7 12. Ba3 Ng6 13. Bxf8 Kxf8 14. c4 Ngxe5 15. Nxe5 Nxe5 16. cxd5 exd5 17. Rb1 Qc7 18. Qb3 Bc6 19. Rfc1 g6 20. f4 Nxd3 21. Qxd3 Qd6 22. f5 Kg7 23. Rf1 Rhe8 24. Nd4 Re4 25. f6+ Kg8 26. Rbd1 Bxa4 27. Rd2 Rae8 28. Qh3 Bd7 29. Qh6 Qf8 30. Qg5 R8e5 31. Qg3 Qc5 32. Qf2 a5 33. h3 b5 34. Rfd1 b4 35. Rc2 Qd6 36. Rdc1 h6 37. Nc6 Rf5 38. Qb6 Rxf6 39. Qxa5 Bxh3 40. gxh3 Qg3+ 41. Rg2 Qe3+ 42. Kh2 Qf4+ 0-1

[Event "Milan Epiphany op"]
[Site "Milan"]
[Date "2010.01.06"]
[Round "7"]
[White "Cazzaniga, Walter"]
[Black "Bozzali, Ermanno"]
[Result "1-0"]
[WhiteElo "2119"]
[BlackElo "2120"]
[PlyCount "91"]
[EventDate "2010.01.02"]
[EventType "swiss"]
[EventRounds "7"]
[EventCountry "ITA"]
[SourceTitle "EXT 2024"]
[Source "ChessBase"]
[SourceDate "2023.10.10"]
[SourceVersion "1"]
[SourceVersionDate "2023.10.10"]
[SourceQuality "1"]

1. d4 f5 2. g3 Nf6 3. Bg2 e6 4. Nf3 d5 5. 0-0 Bd6 6. c4 c6 7. Qc2 0-0 8. Bf4 Bxf4 9. gxf4 Bd7 10. e3 Be8 11. Ne5 Nbd7 12. f3 Nxe5 13. fxe5 Nh5 14. f4 g5 15. cxd5 cxd5 16. Nc3 Rc8 17. Qf2 Rf7 18. Rac1 Rfc7 19. Ne2 Rc2 20. fxg5 Rxb2 21. Rxc8 Qxc8 22. Bf3 Rxa2 23. Qh4 Ng7 24. Qh6 Rc2 25. h4 Bb5 26. h5 Bxe2 27. Bxe2 Ne8 28. g6 Rc7 29. Kf2 Rg7 30. Rg1 hxg6 31. Rxg6 Qd8 32. Bf3 b5 33. Rxe6 Nc7 34. Rd6 Qh4+ 35. Ke2 b4 36. Rxd5 b3 37. Qf4 Qxf4 38. exf4 b2 39. Rd8+ Kf7 40. Rb8 a6 41. Rxb2 Nb5 42. Ke3 Rg1 43. d5 Ra1 44. d6 Ra3+ 45. Kf2 Nd4 46. Bd5+ 1-0

[Event "Milan Epiphany op"]
[Site "Milan"]
[Date "2010.01.03"]
[Round "3"]
[White "Acunzo, Domenico"]
[Black "Bozzali, Ermanno"]
[Result "0-1"]
[WhiteElo "1806"]
[BlackElo "2120"]
[PlyCount "68"]
[EventDate "2010.01.02"]
[EventType "swiss"]
[EventRounds "7"]
[EventCountry "ITA"]
[SourceTitle "EXT 2024"]
[Source "ChessBase"]
[SourceDate "2023.10.10"]
[SourceVersion "1"]
[SourceVersionDate "2023.10.10"]
[SourceQuality "1"]

1. e4 c5 2. Nf3 d6 3. c3 Nf6 4. Be2 Bg4 5. 0-0 e6 6. d4 cxd4 7. cxd4 d5 8. exd5 Nxd5 9. Nc3 Be7 10. h3 Bh5 11. Ne5 Bxe2 12. Qxe2 0-0 13. Rd1 Nc6 14. Qb5 Nxe5 15. dxe5 Nxc3 16. Rxd8 Nxb5 17. Rxa8 Rxa8 18. Be3 f6 19. f4 fxe5 20. fxe5 Nc7 21. Rc1 Nd5 22. Bd2 Kf7 23. Rf1+ Ke8 24. Rf3 Rc8 25. Rg3 g6 26. h4 Rc2 27. Bg5 Bc5+ 28. Kh2 Rxb2 29. h5 Bd4 30. Ra3 Bxe5+ 31. Kh3 a6 32. hxg6 hxg6 33. Bh4 Rc2 34. Rb3 Rc3+ 0-1